000 00709nam a22002297a 4500
005 20170124110036.0
010 _aB-008294
020 _c00.00
_a8173281009
035 _aB-008294
037 _bCen Lib/Ret
040 _aDPL
_bEN
082 _a343.54052
_bPRA
100 _aParsad, Bhagwati
_922793
245 _aDirect taxes :
_cby Bhagwati Parsad
_blaw and practice /
250 _b35th ed
260 _aNew Delhi
_bWishwa Prakashan
_c1994
270 _a4835/24, Ansari Road, Drayaganj
_bNew Delhi
_e110002
300 _axxxi,1075p. :
_c23cm(Hb)
_bill.
650 _aDirect taxation--Law and legislation
_922794
650 _aTax planning
_922795
942 _2ddc
_cEN
_h343.54052
_mPRA
999 _c128243
_d128243